STERILE DOSAGE FORMS : THEIR PREPARATION AND CLINICAL APPLICATION (Record no. 7993)

MARC details
000 -LEADER
fixed length control field 00476nam a22001697a 4500
005 - DATE AND TIME OF LATEST TRANSACTION
control field 20230117115310.0
008 - FIXED-LENGTH DATA ELEMENTS--GENERAL INFORMATION
fixed length control field 220226b ||||| |||| 00| 0 eng d
020 ## - INTERNATIONAL STANDARD BOOK NUMBER
ISBN 978-81-8473-560-4
041 ## - LANGUAGE CODE
Language code of text/sound track or separate title eng
082 ## - DEWEY DECIMAL CLASSIFICATION NUMBER
Classification number 615.42
Item number TUR-S
100 ## - MAIN ENTRY--AUTHOR NAME
Personal name TURCO, SALVATORE J.
245 ## - TITLE STATEMENT
Title STERILE DOSAGE FORMS : THEIR PREPARATION AND CLINICAL APPLICATION
260 ## - PUBLICATION, DISTRIBUTION, ETC. (IMPRINT)
Place of publication U S A
Name of publisher WILLIAMS AND WILKINS
Year of publication 1994
300 ## - PHYSICAL DESCRIPTION
Number of Pages 521;p
650 ## - SUBJECT ADDED ENTRY--TOPICAL TERM
Topical Term PHARMACY
General subdivision B.PHARMA
942 ## - ADDED ENTRY ELEMENTS (KOHA)
Koha item type Books
Holdings
Lost status Damaged status Collection code Home library Current library Shelving location Date acquired Source of acquisition Cost, normal purchase price Full call number Accession Number Koha item type
    Reference JRU Library JRU Library SHELF-3-A 26/02/2022 PURCHASE 1969.00 615.42 26748 Books
    PHARMACY JRU Library JRU Library SHELF-19-F 26/02/2022 PURCHASE 1969.00 615.42 26749 Books